Saber ver : arte y recreación para toda la familia : junio-julio 1998 /
Uloženo v:
| Médium: | Kniha |
|---|---|
| Jazyk: | španělština |
| Edice: | (Saber Ver. Arte y Recreación para Toda la Familia ;
14) |
| Témata: | |
| Tagy: |
Žádné tagy, Buďte první, kdo vytvoří štítek k tomuto záznamu!
|
MARC
| LEADER | 00000nam^a2200000^a^4500 | ||
|---|---|---|---|
| 001 | 000359938 | ||
| 005 | 20250521000000.0 | ||
| 009 | 20260310115411.377 | ||
| 025 | |a Donación Juan Diego Castillo, 1 ejemplar | ||
| 037 | |a Acervo ITESO - Biblioteca | ||
| 041 | |a ESP | ||
| 082 | |a 700. 5 |b VER V. 14 | ||
| 240 | 1 | 1 | |a [Saber ver: arte y recreación para toda la familia] |
| 245 | 0 | 0 | |a Saber ver : |b arte y recreación para toda la familia : junio-julio 1998 / |
| 264 | |a México : |b Televisa, Fundación Cultural, |c 1998 | ||
| 300 | |a 52 p. | ||
| 336 | |a texto |b txt |2 rdacontenido | ||
| 337 | |a sin mediación |b n |2 rdamedio | ||
| 338 | |a volumen |b nc |2 rdasoporte | ||
| 440 | 1 | |a (Saber Ver. |p Arte y Recreación para Toda la Familia ; |v 14) | |
| 545 | 0 | |a Jorge González Camarena (Guadalajara, 1908 – Ciudad de México, 1980), fue un pintor, muralista y escultor mexicano. Desde muy temprana edad Jorge ya demostraba su inclinación artística elaborando cerámica o realizando tiras cómicas. Miembro del movimiento muralista del país junto con Siqueiros y Gorman, González realizó infinidad de obras tanto en caballete como en muros de diversas instituciones tanto nacionales como del extranjero. Los temas principales que el artista gustaba de representar contaban la historia del país debido a una gran devoción por el mismo, incluso uno de sus cuadros más famosos (La Patria) ha sido utilizado como portada en los libros de texto en la educación básica. | |
| 649 | |a XX | ||
| 650 | |a Pintores Jaliscienses | ||
| 650 | |a Pintores Mexicanos | ||
| 650 | |a Artistas Jaliscienses | ||
| 650 | |a Artistas Mexicanos | ||
| 650 | |a Nacionalismo en la Pintura - |x Historia y Crítica | ||
| 650 | |a Nacionalismo en el Arte - |x Historia y Crítica | ||
| 650 | |a Pintura Moderna - |z México - |x Historia y Crítica | ||
| 650 | |a Pintura Moderna - |x Historia y Crítica | ||
| 650 | |a Pintura Jalisciense - |x Historia y Crítica | ||
| 650 | |a Pintura Jalisciense - |y Siglo XX | ||
| 650 | |a Pintura Mexicana - |x Historia y Crítica | ||
| 650 | |a Pintura Mexicana - |y Siglo XX | ||
| 650 | |a Arte Moderno - |z México - |x Historia y Crítica | ||
| 650 | |a Arte Moderno - |x Historia y Crítica | ||
| 650 | |a Arte Jalisciense - |x Historia y Crítica | ||
| 650 | |a Arte Jalisciense - |y Siglo XX | ||
| 650 | |a Arte Mexicano - |x Historia y Crítica | ||
| 650 | |a Arte Mexicano - |y Siglo XX | ||
| 650 | |a Arte - |x Publicaciones Periódicas Mexicanas | ||
| 650 | |a Publicaciones Periódicas Mexicanas | ||
| 650 | |a González Camarena, Jorge - |x Tema Principal | ||
| 910 | |a Fondo Castillo-Martínez | ||
| 920 | |a Impresos - Libros | ||
| 930 | |a Fondos Especiales | ||
| 905 | |a 127 | ||
| 901 | |a 0500252907 |b IT2 |c ESP |i D |u 20250521 | ||
| 902 | |a https://opac.biblio.iteso.mx/vufind/Record/000359938 | ||